000 00718nam a2200217 a 4500
003 BD-DhJNU
005 20250506072438.0
008 040419s2003 enka b 001 0 eng
020 _a0340808810
020 _a0340808829
040 _aBD-DhJNU
_bENG
_cBD-DhJNU
_dBD-DhJNU
050 0 0 _aDC415
_b.F76 2003
082 0 0 _a306.0944 FRE
_223
245 0 0 _aFrench popular culture :
_ban introduction /
_cedited by Hugh Dauncey
260 _aLondon :
_bArnold ;
_aNew York :
_bDistributed in the U.S. by Oxford University Press,
_c2003.
300 _aviii, 220 p. :
_bill. ;
_c25 cm.
504 _aIncludes bibliographical references and index.
650 0 _aPopular culture
_zFrance.
700 1 _aDauncey, Hugh
942 _cBK
999 _c1667
_d1667